| 000 | 00439nam a2200181Ia 4500 | ||
|---|---|---|---|
| 008 | 180207s9999 xx 000 0 und d | ||
| 020 | _a9781406316216 | ||
| 050 | _bC867 2009 | ||
| 100 | _aCousins, Lucy. | ||
| 245 | _aYummy : | ||
| 245 | _bmy favourite nursery stories / | ||
| 245 | _cLucy Cousins. | ||
| 260 | _aLondon : | ||
| 260 | _bWalker Books, | ||
| 260 | _c2009 | ||
| 300 | _a121 pages : | ||
| 300 | _bcolor illustration ; | ||
| 999 |
_c355064 _d355064 |
||